1716 1214 1106 1474 1927 1190 1486 1358 1639 1910 1173 1782 1988 1928 1994 1838 1319 1457 1674 1104 1601 1881 1909 1966 1803 1346 1309 1329 1786 1483 1466 1489 1373 1211 1878 1646 1609 1565 1766 1065 1406 1545 1539 1012 1129 1103 1817 1381 1538 1236 1907 1895 1409 1034 1991 1743 1511 1111 1160 1374 1620 1885 1069 1626 1858 1023 1744 1281 1378 1327 1414 1766 1356 1975 1001 1806 1826 1057 1957 1503 1545 1578 1445 1441 1173 1192 1837 1512 1836 1709 1835 1458 1205 1555 1197 1975 1585 1030 1411 BCNSPRNW ULIB Ver.6.0+V

เปลี่ยนเป็นภาษาไทย

Change to English
 แสดงรายละเอียดบรรณานุกรม
  กลับหน้าหลัก

Brief Record : Get Marc (ISO 2709) : E-mail record : QR code < ปิดหน้าต่าง
LEADER : 00000nam 2200000uu 4500
001    13399125945
003     ULIB
008    171121s2012||||th 000 0 tha d
020    ^a9781935476795
060    ^aWY16.1^bS283R
100 0  ^aSherwood, Gwen
245 10 ^aReflective practice : transforming education and improving outcomes /^cGwen Sherwood, Sara Horton-Deutsch
246 31 ^aReflective practice : transforming education and improving outcomes.
260    ^aIndianapolis :^bSigma Theta Tau International,^c2012.
300    ^a345 หน้า :^bภาพประกอบ ;^c26 ซม.
650  4 ^aNursing
650  4 ^aGreativeness
650  4 ^aEducation, Nursing
650  4 ^aNursing Process
650  0 ^aPhilosophy, Nursing
945    ^p0^l0^i003386
999    ^aประนอม เกษจรัล
รายการนี้ยังไม่มีแท็ก
คุณยังไม่ได้ล็อกอิน คุณสามารถมีกิจกรรมร่วมกับเว็บไซต์ได้ แต่ต้องล็อกอินก่อน ::
  ล็อกอิน

รายการสื่อสารสนเทศ

ลำดับที่ ประเภท เลขเรียก/บาร์โค้ด สถานที่ สถานะ
1. วิทยาศาสตร์การแพทย์ และสุขภาพ
วิทยาศาสตร์การแพทย์ และสุขภาพ
WY16.1 S283R ฉ.1 
  Barcode: 003386
ห้องสมุดวิทยาเขตสวรรค์ประชารักษ์
►หนังสือทั่วไป
บนชั้น

รายการใกล้เคียง
    หัวเรื่อง [Nursing]
    หัวเรื่อง [Education, Nursing]
    หัวเรื่อง [Nursing Process]

BibComment


ยังไม่เคยถูกคอมเมนท์

คอมเมนท์ทรัพยากรรายการนี้
  คอมเมนท์: Reflective pract..


 Copyright 2026. Bcnsprnw @Library